| 000 | 01107 a2200145 4500 | ||
|---|---|---|---|
| 003 | Nust | ||
| 005 | 20170207154034.0 | ||
| 040 | _cNust | ||
| 100 | _aMaggie Momba and Faizal Bux | ||
| 245 |
_aBiomass (E-BooK) _cMaggie Momba and Faizal Bux |
||
| 260 |
_aIndia _bSciyo _c© 2010 |
||
| 300 | _a210 P; | ||
| 505 | _aCordgrass Biomass in Coastal Marshes page-1 Measurement and Assessment Methods of Forest Aboveground Biomass: A Literature Review and the Challenges Ahead page-27 Remote Characterization of Biomass Measurements: Case Study of Mangrove Forests page-65 Bacillus Thuringiensis δ - Endotoxins Production. page-79 Current Status of Woody Biomass Utilization in ASEAN Countries page-113 Electricity Generation by Photosynthetic Biomass page-125 Microalgae-based Systems for Carbon Dioxide Sequestration and Industrial Biorefi neries page-135 Production of Chemicals from Selective Fast Pyrolysis of Biomass page-147 Supercritical Water Gasifi cation of Biomass and Organic Wastes page-165 Wastewater Protozoan-Driven Environmental Processes for the Protection of Water Sources page-183 | ||
| 651 | _a(E-Book) | ||
| 942 |
_2ddc _cBK |
||
| 999 |
_c192308 _d192308 |
||